[Event "Muensterland Verbandsklasse playoff 1-4"]
[Site "Germany"]
[Date "2023.04.22"]
[Round "2.7"]
[White "Schley, Alfred"]
[Black "Toews, Andreas"]
[Result "0-1"]
[WhiteElo "1674"]
[BlackElo "1579"]
[PlyCount "70"]
[EventDate "2022.03.11"]
[EventType "team-k.o."]
[EventRounds "2"]
[EventCountry "GER"]
[SourceTitle "EXT 2024"]
[Source "ChessBase"]
[SourceDate "2023.10.10"]
[SourceVersion "1"]
[SourceVersionDate "2023.10.10"]
[SourceQuality "1"]
[WhiteTeam "Stadtlohn"]
[BlackTeam "Greven"]
[WhiteTeamCountry "GER"]
[BlackTeamCountry "GER"]

1. e4 c5 2. d4 e6 3. Nf3 cxd4 4. c3 a6 5. cxd4 Nf6 6. Bd3 Be7 7. 0-0 0-0 8. Nc3 d6 9. h3 Nbd7 10. Qe2 e5 11. Be3 b5 12. Rfd1 Qc7 13. Rac1 Qa5 14. dxe5 dxe5 15. Bg5 Bb7 16. Bb1 Rad8 17. Bxf6 Bxf6 18. Qc2 g6 19. Qe2 Bg7 20. Rd6 Nb6 21. Rcd1 Rxd6 22. Rxd6 Nc4 23. Rd3 Qb4 24. b3 Na3 25. Qd2 Nxb1 26. Nxb1 Qxd2 27. Nbxd2 f5 28. Rd7 fxe4 29. Rxb7 exf3 30. Nxf3 Re8 31. Rb6 e4 32. Ne1 e3 33. fxe3 Rxe3 34. Nf3 Rxf3 35. Rb8+ Rf8 0-1

[Event "Muensterland Verbandsklasse 1516"]
[Site "Germany"]
[Date "2015.12.19"]
[Round "4.8"]
[White "Schley, Alfred"]
[Black "Rausch, Arndt"]
[Result "1-0"]
[WhiteElo "1648"]
[BlackElo "1700"]
[PlyCount "67"]
[EventDate "2015.09.19"]
[EventType "team"]
[EventRounds "9"]
[EventCountry "GER"]
[SourceTitle "EXT 2017"]
[Source "ChessBase"]
[SourceDate "2016.10.25"]
[SourceVersion "1"]
[SourceVersionDate "2016.10.25"]
[SourceQuality "1"]
[WhiteTeam "Stadtlohn"]
[BlackTeam "Beelen II"]
[WhiteTeamCountry "GER"]
[BlackTeamCountry "GER"]

1. e4 c5 2. d4 cxd4 3. c3 dxc3 4. Nxc3 Nc6 5. Nf3 d6 6. Bc4 e6 7. 0-0 Be7 8. Qe2 a6 9. Rd1 Qc7 10. Bf4 b5 11. Bb3 Bb7 12. Rac1 Qd7 13. Bxd6 Bxd6 14. e5 Nxe5 15. Nxe5 Qe7 16. Rxd6 Qxd6 17. Rd1 Qb6 18. Rd7 Ne7 19. Ne4 Bxe4 20. Qxe4 Rc8 21. h3 f6 22. Rb7 Qd6 23. Nd3 Qc6 24. Qxc6+ Rxc6 25. Bxe6 Ng6 26. Bd7+ Ke7 27. Bxc6+ Kd6 28. Be4 Ne7 29. Rb6+ Kc7 30. Rxa6 f5 31. Bf3 Rd8 32. Ne5 Rd2 33. Ra7+ Kd6 34. Rd7+ 1-0